000 00572nam a2200217Ia 4500
003 OSt
005 20220928140740.0
006 a|||||r|||| 00| 0
007 ta
008 220927b |||||||| |||| 00| 0 eng d
024 _a11569
037 _cTextual
040 _aSDCL
_cSDCL
_beng
041 _2eng
_aeng
082 _aD6,8(B),77, M3
100 _aMclean Mick Ed.
_9497438
245 0 _aMechatronics
_b Developments in Japan and Europe .
260 _c1983
942 _hD6,8(B),77, M3
_cTEXL
_2CC
999 _c813987
_d813987